Statistics for Click to Translate - Afrikaans

Click here to take the quiz!

General Stats

  • This quiz has been taken 2,627 times
  • The average score is 15 of 20

Answer Stats

HintAnswer% Correct
MilkMelk
96%
WineWyn
94%
SixSes
93%
SugarSuiker
93%
FlowerBlom
89%
FridayVrydag
87%
ShoeSkoen
81%
WindowVenster
81%
GrandmotherOuma
80%
KitchenKombuis
76%
SeeSien
76%
FarmerBoer
75%
CowKoei
75%
GirlMeisie
71%
PeachPerske
66%
DownAf
63%
TomorrowMôre
62%
RoadPad
54%
PurplePers
54%
BicycleFiets
46%

Score Distribution

Percentile by Number Answered

Percent of People with Each Score

Your Score History

You have not taken this quiz